[Event "397 Stay Safe Play From Home series"]
[Site "Emanuel Lasker Arena"]
[Date "2020.08.20"]
[Round "8"]
[White "Klasman"]
[Black "Jhhonnyy"]
[Result "0-1"]
[WhiteElo "1374"]
[BlackElo "2309"]
[PlyCount "40"]
[EventDate "2020.08.20"]
[EventType "swiss (blitz)"]

1. f4 {[%emt 0:00:02]} d5 {[%emt 0:00:01]} 2. c4 {[%emt 0:00:02]} c6 {[%emt 0:00:00]} 3. e3 {[%emt 0:00:01]} g6 {[%emt 0:00:01]} 4. Nc3 {[%emt 0:00:02]} Bg7 {[%emt 0:00:00]} 5. Nf3 {[%emt 0:00:02]} Nh6 {[%emt 0:00:00]} 6. h3 {[%emt 0:00:02]} O-O {[%emt 0:00:00]} 7. a3 {[%emt 0:00:02]} Nf5 {[%emt 0:00:05]} 8. g4 {[%emt 0:00:04]} Ng3 {[%emt 0:00:01]} 9. Rg1 {[%emt 0:00:01]} Nxf1 {[%emt 0:00:00]} 10. Kxf1 {[%emt 0:00:01]} Nd7 {[%emt 0:00:01]} 11. cxd5 {[%emt 0:00:02]} cxd5 {[%emt 0:00:00]} 12. Nxd5 {[%emt 0:00:01]} e5 {[%emt 0:00:01]} 13. Nxe5 {[%emt 0:00:03]} Nxe5 {[%emt 0:00:00]} 14. e4 {[%emt 0:00:17]} Nc6 {[%emt 0:00:01]} 15. d3 {[%emt 0:00:03]} Qh4 {[%emt 0:00:02]} 16. Kg2 {[%emt 0:00:03]} f5 {[%emt 0:00:02]} 17. e5 {[%emt 0:00:05]} fxg4 {[%emt 0:00:01]} 18. hxg4 {[%emt 0:00:01]} Bxg4 {[%emt 0:00:00]} 19. Rh1 {[%emt 0:00:04]} Bxd1 {[%emt 0:00:06]} 20. Rxh4 {[%emt 0:00:01]} Bb3 {[%emt 0:00:00] Time Time Time (Lag: Av=0.42s, max=0.8s) (Lag: Av=0.42s, max=0.8s) (Lag: Av=0.42s, max=0.8s)} 0-1

[Event "397 Stay Safe Play From Home series"]
[Site "Emanuel Lasker Arena"]
[Date "2020.08.20"]
[Round "9"]
[White "Jhhonnyy"]
[Black "Yuriko"]
[Result "1-0"]
[WhiteElo "2309"]
[BlackElo "1994"]
[PlyCount "95"]
[EventDate "2020.08.20"]
[EventType "swiss (blitz)"]

1. d4 {[%emt 0:00:01]} d5 {[%emt 0:00:00]} 2. c4 {[%emt 0:00:00]} c6 {[%emt 0:00:00]} 3. Nf3 {[%emt 0:00:00]} Nf6 {[%emt 0:00:01]} 4. Nbd2 {[%emt 0:00:00]} e6 {[%emt 0:00:00]} 5. g3 {[%emt 0:00:01]} Nbd7 {[%emt 0:00:00]} 6. Bg2 {[%emt 0:00:00]} Bd6 {[%emt 0:00:00]} 7. O-O {[%emt 0:00:00]} O-O {[%emt 0:00:00]} 8. Qc2 {[%emt 0:00:00]} Re8 {[%emt 0:00:00]} 9. e4 {[%emt 0:00:00]} dxe4 {[%emt 0:00:01]} 10. Nxe4 {[%emt 0:00:00]} Nxe4 {[%emt 0:00:00]} 11. Qxe4 {[%emt 0:00:00]} Nf6 {[%emt 0:00:00]} 12. Qe2 {[%emt 0:00:00]} b6 {[%emt 0:00:00]} 13. Rd1 {[%emt 0:00:00]} Bb7 {[%emt 0:00:00]} 14. b3 {[%emt 0:00:01]} Qc7 {[%emt 0:00:01]} 15. Ne5 {[%emt 0:00:04]} Rad8 {[%emt 0:00:01]} 16. Bf4 {[%emt 0:00:01]} h6 {[%emt 0:00:05]} 17. c5 {[%emt 0:00:01]} bxc5 {[%emt 0:00:01]} 18. dxc5 {[%emt 0:00:00]} Bxe5 {[%emt 0:00:03]} 19. Bxe5 {[%emt 0:00:00]} Qe7 {[%emt 0:00:02]} 20. Bd6 {[%emt 0:00:02]} Qd7 {[%emt 0:00:00]} 21. b4 {[%emt 0:00:01]} Qc8 {[%emt 0:00:01]} 22. a4 {[%emt 0:00:01]} Ba6 {[%emt 0:00:01]} 23. b5 {[%emt 0:00:02]} cxb5 {[%emt 0:00:01]} 24. axb5 {[%emt 0:00:00]} Bb7 {[%emt 0:00:01]} 25. c6 {[%emt 0:00:01]} Ba8 {[%emt 0:00:01]} 26. Rxa7 {[%emt 0:00:01]} Nd5 {[%emt 0:00:00]} 27. Bc5 {[%emt 0:00:02]} Bxc6 {[%emt 0:00:01]} 28. bxc6 {[%emt 0:00:01]} Qxc6 {[%emt 0:00:00]} 29. Qf3 {[%emt 0:00:00]} Rd7 {[%emt 0:00:05]} 30. Rxd7 {[%emt 0:00:02]} Qxd7 {[%emt 0:00:00]} 31. Bd4 {[%emt 0:00:00]} Qa4 {[%emt 0:00:01]} 32. Be5 {[%emt 0:00:01]} Qb5 {[%emt 0:00:02]} 33. h3 {[%emt 0:00:01]} Ne7 {[%emt 0:00:01]} 34. Ba1 {[%emt 0:00:02]} Nf5 {[%emt 0:00:00]} 35. Qg4 {[%emt 0:00:02]} Qb3 {[%emt 0:00:04]} 36. Be4 {[%emt 0:00:01]} g6 {[%emt 0:00:01]} 37. Bxf5 {[%emt 0:00:01]} exf5 {[%emt 0:00:01]} 38. Qd4 {[%emt 0:00:00]} Kf8 {[%emt 0:00:05]} 39. Qg7+ {[%emt 0:00:03]} Ke7 {[%emt 0:00:01]} 40. Re1+ {[%emt 0:00:02]} Kd7 {[%emt 0:00:01]} 41. Rxe8 {[%emt 0:00:02]} Kxe8 {[%emt 0:00:01]} 42. Qe5+ {[%emt 0:00:02]} Kf8 {[%emt 0:00:01]} 43. Bd4 {[%emt 0:00:01]} Qd1+ {[%emt 0:00:01]} 44. Kg2 {[%emt 0:00:02]} Qc2 {[%emt 0:00:01]} 45. Be3 {[%emt 0:00:01]} Qc6+ {[%emt 0:00:01]} 46. Kh2 {[%emt 0:00:02]} Qc2 {[%emt 0:00:02]} 47. Bxh6+ {[%emt 0:00:02]} Kg8 {[%emt 0:00:01]} 48. Qg7# {[%emt 0:00:00] (Lag: Av=0.42s, max=0.8s) (Lag: Av=0.42s, max=0.8s) (Lag: Av=0.42s, max=0.8s)} 1-0

[Event "397 Stay Safe Play From Home series"]
[Site "Emanuel Lasker Arena"]
[Date "2020.08.20"]
[Round "9"]
[White "Fischer_11"]
[Black "Klasman"]
[Result "1-0"]
[WhiteElo "2010"]
[BlackElo "1374"]
[Annotator "NA"]
[PlyCount "63"]
[EventDate "2020.08.20"]
[EventType "swiss (blitz)"]

1. e4 {[%emt 0:00:18]} f5 {[%emt 0:00:03]} 2. exf5 {[%emt 0:00:01]} Nf6 {[%emt 0:00:01]} 3. Nc3 {[%emt 0:00:00]} d5 {[%emt 0:00:01]} 4. d4 {[%emt 0:00:00]} Bxf5 {[%emt 0:00:02]} 5. Nf3 {[%emt 0:00:00]} e6 {[%emt 0:00:01]} 6. Bd3 {[%emt 0:00:00]} Bxd3 {[%emt 0:00:03]} 7. Qxd3 {[%emt 0:00:02]} Bd6 {[%emt 0:00:01]} 8. O-O {[%emt 0:00:00]} O-O {[%emt 0:00:01]} 9. Re1 {[%emt 0:00:00]} Qd7 {[%emt 0:00:02]} 10. Ng5 {[%emt 0:00:02]} Re8 {[%emt 0:00:03]} 11. Bd2 {[%emt 0:00:02]} Nc6 {[%emt 0:00:01]} 12. Nb5 {[%emt 0:00:03]} a6 {[%emt 0:00:04]} 13. Nxd6 {[%emt 0:00:02]} Qxd6 {[%emt 0:00:04]} 14. c3 {[%emt 0:00:01]} h6 {[%emt 0:00:04]} 15. Nh3 {[%emt 0:00:03]} Re7 {[%emt 0:00:02]} 16. Bf4 {[%emt 0:00:01]} Qd7 {[%emt 0:00:02]} 17. Re2 {[%emt 0:00:01]} Rae8 {[%emt 0:00:01]} 18. Rae1 {[%emt 0:00:00]} Ne4 {[%emt 0:00:01]} 19. Rxe4 {[%emt 0:00:02]} dxe4 {[%emt 0:00:01]} 20. Qxe4 {[%emt 0:00:00]} Nd8 {[%emt 0:00:04]} 21. g4 {[%emt 0:00:03]} Nf7 {[%emt 0:00:01]} 22. g5 {[%emt 0:00:01]} hxg5 {[%emt 0:00:01]} 23. Bxg5 {[%emt 0:00:00]} Nxg5 {[%emt 0:00:01]} 24. Nxg5 {[%emt 0:00:00]} e5 {[%emt 0:00:01]} 25. d5 {[%emt 0:00:04]} Qd6 {[%emt 0:00:04]} 26. c4 {[%emt 0:00:02]} Qh6 {[%emt 0:00:02]} 27. Ne6 {[%emt 0:00:03]} Rxe6 {[%emt 0:00:01]} 28. dxe6 {[%emt 0:00:00]} Rxe6 {[%emt 0:00:01]} 29. Qd5 {[%emt 0:00:00]} Qg6+ {[%emt 0:00:02]} 30. Kf1 {[%emt 0:00:01]} Qf5 {[%emt 0:00:01]} 31. Re3 {[%emt 0:00:02]} e4 {[%emt 0:00:02]} 32. Qxf5 {[%emt 0:00:01] Time Time Time (Lag: Av=0.40s, max=0.6s) (Lag: Av=0.40s, max=0.6s) (Lag: Av=0.40s, max=0.6s)} 1-0

[Event "397 Stay Safe Play From Home series"]
[Site "Emanuel Lasker Arena"]
[Date "2020.08.20"]
[Round "9"]
[White "Stefanone"]
[Black "Padmaesh M K"]
[Result "1-0"]
[WhiteElo "1973"]
[BlackElo "1898"]
[Annotator "NA"]
[PlyCount "59"]
[EventDate "2020.08.20"]
[EventType "swiss (blitz)"]

1. d4 {[%emt 0:00:01]} e6 {[%emt 0:00:01]} 2. e3 {[%emt 0:00:00]} d6 {[%emt 0:00:00]} 3. f4 {[%emt 0:00:00]} d5 {[%emt 0:00:00]} 4. Nf3 {[%emt 0:00:00]} f5 {[%emt 0:00:00]} 5. Bd3 {[%emt 0:00:00]} Nf6 {[%emt 0:00:01]} 6. Ne5 {[%emt 0:00:00]} Bd6 {[%emt 0:00:01]} 7. O-O {[%emt 0:00:01]} O-O {[%emt 0:00:01]} 8. c3 {[%emt 0:00:01]} Bxe5 {[%emt 0:00:01]} 9. fxe5 {[%emt 0:00:01]} Ne4 {[%emt 0:00:00]} 10. Bxe4 {[%emt 0:00:01]} fxe4 {[%emt 0:00:01]} 11. Rxf8+ {[%emt 0:00:00]} Qxf8 {[%emt 0:00:00]} 12. Qe2 {[%emt 0:00:00]} Bd7 {[%emt 0:00:01]} 13. b3 {[%emt 0:00:00]} a6 {[%emt 0:00:01]} 14. Ba3 {[%emt 0:00:01]} Qe8 {[%emt 0:00:02]} 15. Nd2 {[%emt 0:00:01]} b5 {[%emt 0:00:01]} 16. Rf1 {[%emt 0:00:01]} Nc6 {[%emt 0:00:01]} 17. Bc5 {[%emt 0:00:01]} Qg6 {[%emt 0:00:02]} 18. Rf2 {[%emt 0:00:01]} Qh6 {[%emt 0:00:02]} 19. Nf1 {[%emt 0:00:01]} Be8 {[%emt 0:00:01]} 20. h3 {[%emt 0:00:01]} Bg6 {[%emt 0:00:02]} 21. Ng3 {[%emt 0:00:01]} Re8 {[%emt 0:00:05]} 22. c4 {[%emt 0:00:01]} Ne7 {[%emt 0:00:01]} 23. Bxe7 {[%emt 0:00:03]} Rxe7 {[%emt 0:00:01]} 24. cxd5 {[%emt 0:00:00]} exd5 {[%emt 0:00:01]} 25. Qc2 {[%emt 0:00:02]} Bh5 {[%emt 0:00:02]} 26. Nxh5 {[%emt 0:00:01]} Qxh5 {[%emt 0:00:00]} 27. Qc6 {[%emt 0:00:02]} Qd1+ {[%emt 0:00:01]} 28. Kh2 {[%emt 0:00:01]} Qxd4 {[%emt 0:00:08]} 29. Qa8+ {[%emt 0:00:01]} Re8 {[%emt 0:00:05]} 30. Qxe8# {[%emt 0:00:01] (Lag: Av=0.39s, max=1.1s) (Lag: Av=0.39s, max=1.1s) (Lag: Av=0.39s, max=1.1s)} 1-0